The body in the mind : (Record no. 121909)
[ view plain ]
| 000 -LEADER | |
|---|---|
| fixed length control field | 01060cam a2200349 a 4500 |
| 001 - CONTROL NUMBER | |
| control field | 594416 |
| 003 - CONTROL NUMBER IDENTIFIER | |
| control field | ARRUPE |
| 005 - DATE AND TIME OF LATEST TRANSACTION | |
| control field | 20150128161042.0 |
| 008 - FIXED-LENGTH DATA ELEMENTS--GENERAL INFORMATION | |
| fixed length control field | 870911s1987 ilua b 001 0 eng |
| 010 ## - LIBRARY OF CONGRESS CONTROL NUMBER | |
| LC control number | 86025102 |
| 020 ## - INTERNATIONAL STANDARD BOOK NUMBER | |
| International Standard Book Number | 0226403173 : |
| Terms of availability | $35.00 |
| 035 ## - SYSTEM CONTROL NUMBER | |
| System control number | (OCoLC)14692604 |
| 035 ## - SYSTEM CONTROL NUMBER | |
| System control number | (OCoLC)ocm14692604 |
| 035 ## - SYSTEM CONTROL NUMBER | |
| System control number | (CStRLIN)NYCG87-B74213 |
| 035 ## - SYSTEM CONTROL NUMBER | |
| System control number | (NNC)594416 |
| 040 ## - CATALOGING SOURCE | |
| Modifying agency | NNC |
| Transcribing agency | Arrupe |
| 050 0# - LIBRARY OF CONGRESS CALL NUMBER | |
| Classification number | B105.M4 |
| Item number | J64 1987 |
| 082 0# - DEWEY DECIMAL CLASSIFICATION NUMBER | |
| Classification number | 121/.68 |
| Edition number | 19 |
| 090 ## - LOCALLY ASSIGNED LC-TYPE CALL NUMBER (OCLC); LOCAL CALL NUMBER (OCLC) | |
| Classification number (OCLC) (R) ; Classification number, CALL (RLIN) (NR) | B105.M4 |
| Local cutter number (OCLC) ; Book number/undivided call number, CALL (RLIN) | J64 1987 |
| 300 ## - PHYSICAL DESCRIPTION | |
| Other physical details | ill. ; |
| Dimensions | 24 cm. |
| 100 1# - MAIN ENTRY--PERSONAL NAME | |
| Personal name | Johnson, Mark, |
| Dates associated with a name | 1949- |
| 9 (RLIN) | 14683 |
| 245 14 - TITLE STATEMENT | |
| Title | The body in the mind : |
| Remainder of title | the bodily basis of meaning, imagination, and reason / |
| Statement of responsibility, etc | Mark Johnson. |
| 260 ## - PUBLICATION, DISTRIBUTION, ETC. (IMPRINT) | |
| Place of publication, distribution, etc | Chicago : |
| Name of publisher, distributor, etc | University of Chicago Press, |
| Date of publication, distribution, etc | 1987. |
| 263 ## - PROJECTED PUBLICATION DATE | |
| Projected publication date | 8706 |
| 300 ## - PHYSICAL DESCRIPTION | |
| Extent | xxxviii, 233 p. : |
| 504 ## - BIBLIOGRAPHY, ETC. NOTE | |
| Bibliography, etc | Includes bibliographical references and index. |
| 650 #0 - SUBJECT ADDED ENTRY--TOPICAL TERM | |
| Topical term or geographic name as entry element | Meaning (Philosophy) |
| 9 (RLIN) | 3257 |
| 650 #0 - SUBJECT ADDED ENTRY--TOPICAL TERM | |
| Topical term or geographic name as entry element | Imagination (Philosophy) |
| 9 (RLIN) | 11423 |
| 650 #0 - SUBJECT ADDED ENTRY--TOPICAL TERM | |
| Topical term or geographic name as entry element | Reason. |
| 9 (RLIN) | 14684 |
| 650 #0 - SUBJECT ADDED ENTRY--TOPICAL TERM | |
| Topical term or geographic name as entry element | Metaphor. |
| 9 (RLIN) | 11427 |
| 942 ## - ADDED ENTRY ELEMENTS (KOHA) | |
| Source of classification or shelving scheme | Library of Congress Classification |
| Koha item type | Monograph ( Printed materials) |
| Withdrawn status | Lost status | Source of classification or shelving scheme | Damaged status | Not for loan | Collection code | Home library | Current library | Shelving location | Date acquired | Total Checkouts | Full call number | Barcode | Date last seen | Price effective from | Koha item type |
|---|---|---|---|---|---|---|---|---|---|---|---|---|---|---|---|
| Library of Congress Classification | Main Collection | ARRUPE LIBRARY | ARRUPE LIBRARY | Main Collection | 28/01/2015 | B105.M4 J64 1987 | 46500003013 | 28/01/2015 | 28/01/2015 | Monograph ( Printed materials) |